000
00294nam a2200121Ia 4500
008
220204s9999 xx 000 0 und d
082
_a
581(038)
_b
USH;1
100
_a
Usher, George
245
0
_a
Dictionary of plants used by man
260
_a
Delhi
_b
CBS
_c
1984
650
_a
Plants
942
_c
BK
999
_c
40468
_d
40468